Pleitos colombinos / (Record no. 121768)

MARC details
000 -LEADER
campo de control de longitud fija 01080nam a2200241 i 4500
001 - NÚMERO DE CONTROL
campo de control 121768
003 - IDENTIFICADOR DE NÚMERO DE CONTROL
campo de control ES-MaACL
005 - FECHA Y HORA DE LA ÚLTIMA TRANSACCIÓN
campo de control 20250630235328.0
007 - CAMPO FIJO DE DESCRIPCIÓN FÍSICA--INFORMACIÓN GENERAL
campo de control de longitud fija t|
008 - DATOS DE LONGITUD FIJA--INFORMACIÓN GENERAL
campo de control de longitud fija 070214s1964 sp r ||||1| spa d
245 00 - MENCIÓN DEL TÍTULO
Título Pleitos colombinos /
Mención de responsabilidad, etc. edicion de Antonio Muro Orejon, Florentino Pérez Embid, Francisco Morales Padron ; version y revision paleografica de Jose Llavador Mira... [et al.].
Número de parte o sección de la obra , . VIII,
Nombre de parte o sección de la obra Rollo del proceso sobre la apelacion de la sentencia de Dueñas, 1534-1536.
260 ## - PUBLICACIÓN, DISTRIBUCIÓN, ETC.
Lugar de publicación, distribución, etc. Sevilla :
Nombre del editor, distribuidor, etc. Escuela de Estudios Hispanoamericanos,
Fecha de publicación, distribución, etc. 1964.
300 ## - DESCRIPCIÓN FÍSICA
Extensión 1 v. ;
Dimensiones 26 cm.
600 14 - PUNTO DE ACCESO ADICIONAL DE MATERIA--NOMBRE DE PERSONA
Nombre de persona Colón, Cristóbal.
9 (RLIN) 39869
700 1# - ENTRADA AGREGADA--NOMBRE PERSONAL
Nombre de persona Muro Orejón, Antonio.
9 (RLIN) 84616
700 1# - ENTRADA AGREGADA--NOMBRE PERSONAL
Nombre de persona Pérez-Embid, Florentino,
Fechas asociadas al nombre 1918-1974
9 (RLIN) 90840
700 1# - ENTRADA AGREGADA--NOMBRE PERSONAL
Nombre de persona Morales Padrón, Francisco,
Fechas asociadas al nombre 1924-2010
9 (RLIN) 83066
700 1# - ENTRADA AGREGADA--NOMBRE PERSONAL
Nombre de persona Llavador Mira, José.
9 (RLIN) 72733
710 2# - ENTRADA AGREGADA--NOMBRE DE ENTIDAD CORPORATIVA
Nombre de entidad corporativa o nombre de jurisdicción como elemento de entrada Escuela de Estudios Hispano-Americanos (Sevilla)
9 (RLIN) 134366
740 0# - ENTRADA AGREGADA--TÍTULO RELACIONADO/ANALÍTICO NO CONTROLADO
Título relacionado o analítico no controlado Rollo del proceso sobre la apelacion de la sentencia de Dueñas, 1534-1536.
852 ## - LOCALIZACIÓN
Ubicación ES-MaACL
Número de control de estantería P-1049-Ter
Holdings
Estatus retirado Estado de pérdida Estado de daño No para préstamo Biblioteca de origen Biblioteca actual Ubicación en estantería Fecha de adquisición Fuente de adquisición Total de préstamos Signatura topográfica completa Código de barras Visto por última vez Precio de reemplazo Tipo de ítem Koha
        Biblioteca del Ateneo de Madrid Biblioteca del Ateneo de Madrid Depósito 2 17/01/2008     P-1049-Ter 1126894 23/02/2023 23/02/2023 Libro impreso